[Event "N4 Ech Aubois/Bogny"]
[Site "?"]
[Date "2008.10.19"]
[Round "1"]
[White "Waczecka, Jerome"]
[Black "Pelade, Thierry"]
[Result "1-0"]
[WhiteElo "1810"]
[BlackElo "1670"]
[PlyCount "53"]
[EventDate "2007.10.30"]
[SourceDate "2008.10.22"]

1. d4 Nf6 2. Nf3 g6 3. Bg5 Bg7 4. Nbd2 d5 5. e3 O-O 6. Bd3 b6 7. O-O c5 8. c3
c4 9. Bc2 Nc6 10. e4 dxe4 11. Nxe4 Nxe4 12. Bxe4 Bb7 13. Re1 f6 14. Bh4 b5 15.
Qe2 Re8 16. Bxc6 Bxc6 17. Qe6+ Kh8 18. Qxc6 a6 19. Rad1 g5 20. Bg3 h5 21. h3
Bh6 22. h4 Rg8 23. hxg5 Bxg5 24. Nxg5 Rxg5 25. Qe6 Rg7 26. Re4 Rb8 27. Bxb8 1-0

[Event "N4 Ech Aubois/Bogny"]
[Site "?"]
[Date "2008.10.19"]
[Round "1"]
[White "Pinchon, Sylvie"]
[Black "Fourdrignier, Martin"]
[Result "1/2-1/2"]
[WhiteElo "1640"]
[BlackElo "1680"]
[PlyCount "73"]
[EventDate "2007.10.30"]
[SourceDate "2008.10.22"]

1. e4 Nf6 2. Nc3 d5 3. e5 Ne4 4. d4 Nc6 5. Nxe4 dxe4 6. c3 Bf5 7. Bb5 e6 8. Ne2
a6 9. Bxc6+ bxc6 10. O-O Be7 11. Be3 O-O 12. Qd2 c5 13. Rad1 cxd4 14. Nxd4 Bg6
15. Nc6 Qe8 16. Qd7 Qxd7 17. Rxd7 Bh4 18. Rxc7 f6 19. Ne7+ Kh8 20. g3 Bg5 21.
Nxg6+ hxg6 22. Bxg5 fxg5 23. Rd1 Rf5 24. Rdd7 Rg8 25. Ra7 Rxe5 26. Rxa6 e3 27.
fxe3 Rxe3 28. Kf2 Re5 29. Rf7 Rd8 30. Kf3 Rd2 31. Ra8+ Kh7 32. Rff8 Rf5+ 33.
Kg4 Rxf8 34. Rxf8 Rxb2 35. h3 Rxa2 36. c4 Rc2 37. Rc8 1/2-1/2

[Event "N4 LTR/Rilly"]
[Site "?"]
[Date "2008.10.19"]
[Round "1"]
[White "Piermee, Emilien"]
[Black "Bardoux, Thierry"]
[Result "1-0"]
[WhiteElo "2131"]
[BlackElo "2160"]
[PlyCount "77"]
[EventDate "2008.10.28"]
[SourceDate "2008.10.28"]

1. d4 Nf6 2. Nf3 g6 3. c4 Bg7 4. Nc3 d6 5. e4 O-O 6. Be2 e5 7. O-O Nbd7 8. Re1
c6 9. Rb1 a5 10. Bf1 Re8 11. d5 Nc5 12. Nd2 Bh6 13. Nb3 Ng4 14. Nxc5 Qh4 15. h3
Qxf2+ 16. Kh1 Ne3 17. Qe2 Qxe2 18. Bxe2 dxc5 19. Bd3 cxd5 20. cxd5 c4 21. Be2
f5 22. Bxe3 Bxe3 23. Bxc4 f4 24. Rbd1 Kg7 25. d6 Rd8 26. Nd5 Bd4 27. Nc7 Rb8
28. Rxd4 exd4 29. e5 Bd7 30. e6 Be8 31. Nxe8+ Rxe8 32. e7 b5 33. Bd5 Kf6 34.
Re6+ Kf5 35. d7 d3 36. dxe8=Q Rxe8 37. Re1 d2 38. Rd1 Rxe7 39. Rxd2 1-0

[Event "N4 LTR/Rilly"]
[Site "?"]
[Date "2008.10.19"]
[Round "1"]
[White "Gasior, Jerome"]
[Black "Szylar, Eric"]
[Result "1-0"]
[WhiteElo "2128"]
[BlackElo "2026"]
[PlyCount "95"]
[EventDate "2008.10.28"]
[SourceDate "2008.10.28"]

1. c4 Nf6 2. g3 c5 3. Bg2 Nc6 4. Nc3 g6 5. a3 a5 6. d3 Bg7 7. Bg5 h6 8. Bd2 O-O
9. e4 d6 10. Nge2 Ne5 11. O-O Nxd3 12. f4 Nxb2 13. Qb3 Nxc4 14. Qxc4 Rb8 15.
Rab1 b6 16. h3 Bd7 17. a4 e6 18. Be3 Qc7 19. Rfd1 Rfd8 20. Nb5 Bxb5 21. Rxb5
Qe7 22. Rb3 Rd7 23. Nc3 Rdd8 24. Qa6 Nd7 25. Bf1 Kh7 26. Qa7 Ra8 27. Qc7 Bf8
28. Bc4 Rac8 29. Qb7 Rb8 30. Qc6 Rbc8 31. Qb5 Bg7 32. Ne2 f5 33. Rbd3 fxe4 34.
Rxd6 Bd4 35. Rxe6 Bxe3+ 36. Kg2 Qg7 37. Red6 Bd4 38. Nxd4 cxd4 39. R1xd4 Rc7
40. h4 e3 41. Kf3 Qe7 42. Be6 Nc5 43. Rxd8 Nxe6 44. R4d7 Nxd8 45. Rxe7+ Rxe7
46. Ke2 Kg7 47. Qxb6 Nb7 48. g4 1-0

[Event "N4 LTR/Rilly"]
[Site "?"]
[Date "2008.10.19"]
[Round "1"]
[White "Louis, Andre"]
[Black "Biniaux, Mickael"]
[Result "1-0"]
[WhiteElo "1892"]
[BlackElo "1650"]
[PlyCount "77"]
[EventDate "2008.10.28"]
[SourceDate "2008.10.28"]

1. e4 d5 2. exd5 Qxd5 3. Nc3 Qa5 4. d4 c6 5. Nf3 Nf6 6. Bd3 Bg4 7. O-O e6 8. a3
Qc7 9. h3 Bh5 10. Ne4 Nbd7 11. Re1 Nxe4 12. Bxe4 O-O-O 13. Be3 Nc5 14. Bd3 Nxd3
15. cxd3 Be7 16. g4 Bg6 17. Rc1 Rd5 18. b4 f5 19. Qd2 Bd6 20. Ne5 Bxe5 21. dxe5
f4 22. Bc5 Rxd3 23. Qxf4 Rxh3 24. b5 Be8 25. Bd6 Qd8 26. Re3 Qh4 27. Rxh3 Qxh3
28. Qc4 Qf3 29. bxc6 Bf7 30. cxb7+ Kxb7 31. Qb4+ Ka8 32. Rc7 Rb8 33. Rxa7+ Kxa7
34. Qxb8+ Ka6 35. Qb4 Qc6 36. Qd4 Qc1+ 37. Kh2 Qc2 38. Bb8 Kb5 39. Qd7+ 1-0

[Event "N4 LTR/Rilly"]
[Site "?"]
[Date "2008.10.19"]
[Round "1"]
[White "Lassalle, Arnaud"]
[Black "Raulet, Alain"]
[Result "0-1"]
[WhiteElo "2047"]
[BlackElo "1958"]
[PlyCount "56"]
[EventDate "2008.10.28"]
[SourceDate "2008.10.28"]

1. d4 Nf6 2. c4 e6 3. Nf3 b6 4. Nc3 Bb4 5. Qc2 Bb7 6. e3 Ne4 7. Bd3 f5 8. O-O
Nxc3 9. bxc3 Bxf3 10. cxb4 Qg5 11. g3 Qg4 12. Re1 Nc6 13. a3 f4 14. b5 fxg3 15.
fxg3 Ne7 16. Rf1 O-O 17. Bd2 Nf5 18. Rxf3 Qxf3 19. Be4 Nxe3 20. Qd3 Qf2+ 21.
Kh1 Ng4 22. Bg2 Qf6 23. Kg1 Rac8 24. h3 Nh6 25. Rf1 Qg6 26. Be4 Rxf1+ 27. Kxf1
Rf8+ 28. Ke1 Qh5 0-1

[Event "N4 LTR/Rilly"]
[Site "?"]
[Date "2008.10.19"]
[Round "1"]
[White "Meunier, Samuel"]
[Black "Collet, Guillaume"]
[Result "0-1"]
[WhiteElo "1948"]
[BlackElo "1989"]
[PlyCount "30"]
[EventDate "2008.10.28"]
[SourceDate "2008.10.28"]

1. e4 e6 2. d4 d5 3. e5 c5 4. c3 Nc6 5. f4 Qb6 6. Nf3 Nh6 7. Be2 cxd4 8. Nxd4
Nxd4 9. cxd4 Nf5 10. Nc3 Bd7 11. g4 Nxd4 12. Bd3 Be7 13. h4 Rc8 14. Rh2 Nf3+
15. Qxf3 Qg1+ 0-1

[Event "N4 LTR/Rilly"]
[Site "?"]
[Date "2008.10.19"]
[Round "1"]
[White "Meyer, Caroline"]
[Black "Halfaoui, Eddine"]
[Result "0-1"]
[WhiteElo "1499"]
[BlackElo "1867"]
[PlyCount "82"]
[EventDate "2008.10.28"]
[SourceDate "2008.10.28"]

1. e4 e6 2. d4 d5 3. Nf3 dxe4 4. Ne5 Nd7 5. Bf4 Bd6 6. Bb5 c6 7. Bc4 Nxe5 8.
Bxe5 Bxe5 9. c3 Bc7 10. O-O Nf6 11. Nd2 O-O 12. Re1 b6 13. Qe2 Bb7 14. Nxe4
Nxe4 15. Qxe4 Rb8 16. Qe3 Qh4 17. h3 Qf4 18. g3 Qxe3 19. Rxe3 Rbd8 20. Rd1 c5
21. Bd3 cxd4 22. cxd4 g6 23. Rc1 Bd6 24. Be4 Bxe4 25. Rxe4 Rc8 26. Rc3 Kg7 27.
f4 Rxc3 28. bxc3 Rc8 29. Re3 Ba3 30. Kf2 Bb2 31. Kf3 Rxc3 32. g4 f5 33. g5 Kf7
34. Ke2 Rxe3+ 35. Kxe3 Ke7 36. Kd3 Kd6 37. Kc4 Bc1 38. h4 a6 39. a4 b5+ 40.
axb5 axb5+ 41. Kxb5 Kd5 0-1

[Event "N4 LTR/Rilly"]
[Site "?"]
[Date "2008.10.19"]
[Round "1"]
[White "Hacene, Ahmed"]
[Black "Maizieres, Mickael"]
[Result "1-0"]
[WhiteElo "1709"]
[BlackElo "1499"]
[PlyCount "51"]
[EventDate "2008.10.28"]
[SourceDate "2008.10.28"]

1. d4 d5 2. Nf3 e6 3. Bf4 Nf6 4. e3 Be7 5. c4 c6 6. Bd3 a6 7. O-O c5 8. Nc3
cxd4 9. Nxd4 Nc6 10. Nxc6 bxc6 11. cxd5 cxd5 12. Rc1 O-O 13. Ne2 Bb7 14. Nd4
Bd6 15. Bg5 Be5 16. Nf3 Qd6 17. Nxe5 Qxe5 18. Bf4 Qh5 19. Qb3 e5 20. Bg3 Rfb8
21. Qc3 Re8 22. Qc7 Rab8 23. Rfe1 e4 24. Bf1 Rec8 25. Qxb7 Qf5 26. Bxb8 1-0

[Event "N4 LTR/Rilly"]
[Site "?"]
[Date "2008.10.19"]
[Round "1"]
[White "Bohr, Frederic"]
[Black "Louis, Sophie"]
[Result "1-0"]
[WhiteElo "1470"]
[BlackElo "1510"]
[PlyCount "65"]
[EventDate "2008.10.28"]
[SourceDate "2008.10.28"]

1. e4 e5 2. Nf3 Nc6 3. Bb5 Nf6 4. d3 Be7 5. Nc3 O-O 6. O-O d6 7. a3 Bd7 8. b4
a6 9. Ba4 b5 10. Bb3 Bg4 11. Be3 Qd7 12. Nd5 h6 13. Nxf6+ Bxf6 14. c4 Nd4 15.
Bxd4 exd4 16. Rc1 c6 17. Re1 Rfe8 18. Qe2 Re6 19. c5 d5 20. e5 Bg5 21. Ra1 Rae8
22. Bd1 Bxf3 23. Qxf3 Rxe5 24. Rxe5 Rxe5 25. Bb3 Qe7 26. Kf1 Bd2 27. g3 Re1+
28. Rxe1 Qxe1+ 29. Kg2 Qa1 30. Bxd5 Qxa3 31. Qxf7+ Kh7 32. Be4+ Kh8 33. Qf8#
1-0

[Event "N4 ENHM/Ech Aubois"]
[Site "?"]
[Date "2008.11.23"]
[Round "2"]
[White "HERMANN, Jean-Philippe"]
[Black "GUILLAUME, Jean-François"]
[Result "1-0"]
[WhiteElo "2228"]
[BlackElo "1940"]
[PlyCount "87"]
[EventDate "2008.11.23"]
[SourceDate "2008.11.23"]

1. e4 c5 2. Nf3 Nc6 3. d4 cxd4 4. Nxd4 g6 5. Nc3 Bg7 6. Be3 Nf6 7. Bc4 Qa5 8.
O-O O-O 9. Nd5 Re8 10. f4 d6 11. f5 Ne5 12. Nxf6+ Bxf6 13. Bd5 Bd7 14. Bxb7
Rab8 15. Nb3 Qc7 16. Bd5 Rec8 17. Rc1 Nc4 18. Bd4 Nxb2 19. Bxb2 Bxb2 20. fxg6
e6 21. gxf7+ Kh8 22. c3 Qb6+ 23. Kh1 Qe3 24. Rf3 Qg5 25. Bb7 Rf8 26. Rb1 Qe5
27. Rxb2 Rxb7 28. Rd2 Rb6 29. Qe1 Qh5 30. Rdf2 e5 31. Rf6 Rc6 32. Qd2 Qh4 33.
Qe3 Rc4 34. Nd2 Rc7 35. Nf1 Rc4 36. Ng3 Bc6 37. Qxa7 Rxc3 38. Qe7 Rc1+ 39. Nf1
Kg7 40. Rg6+ hxg6 41. Qxh4 Bb5 42. Qf6+ Kh7 43. Kg1 Re1 44. Rf3 1-0

[Event "N4 ENHM/Ech Aubois"]
[Site "?"]
[Date "2008.11.23"]
[Round "2"]
[White "GUYOT, Philippe"]
[Black "VIARD, Dominique"]
[Result "1/2-1/2"]
[WhiteElo "2021"]
[BlackElo "2040"]
[PlyCount "65"]
[EventDate "2008.11.23"]
[SourceDate "2008.11.23"]

1. c4 Nf6 2. g3 g6 3. Bg2 Bg7 4. Nc3 c6 5. e4 d6 6. Nge2 O-O 7. O-O Na6 8. d4
e5 9. h3 Qb6 10. Be3 Qxb2 11. a3 c5 12. Na4 Qxa1 13. Qxa1 cxd4 14. Bd2 Bd7 15.
Nb2 Rfc8 16. Rc1 Nc5 17. Qb1 Bc6 18. f3 Rc7 19. Bb4 Nfd7 20. Nd3 b6 21. Bxc5
dxc5 22. Kh2 Re8 23. Nf2 Re7 24. Qd3 Nf8 25. Ra1 Nd7 26. h4 f6 27. Bh3 Nf8 28.
a4 a5 29. Qb3 Rb7 30. Nd3 Re8 31. Ng1 Bh6 32. Re1 Bg7 33. Bg4 1/2-1/2

[Event "N4 ENHM/Ech Aubois"]
[Site "?"]
[Date "2008.11.23"]
[Round "2"]
[White "ROBERT-DEHAULT, Etienne"]
[Black "HASCHER, Nicolas"]
[Result "0-1"]
[WhiteElo "1942"]
[BlackElo "2004"]
[PlyCount "62"]
[EventDate "2008.11.23"]
[SourceDate "2008.11.23"]

1. d4 Nf6 2. c4 e6 3. Nf3 d5 4. cxd5 exd5 5. Bg5 Be7 6. Qc2 Nbd7 7. Nc3 O-O 8.
e3 Re8 9. Bd3 Nf8 10. O-O g6 11. Bf4 Ne6 12. Be5 c6 13. Rab1 Ng7 14. h3 Bf5 15.
Bxf5 Nxf5 16. b4 Rc8 17. Qd3 Ne4 18. Nxe4 dxe4 19. Qxe4 f6 20. Bh2 Bxb4 21. Qd3
c5 22. Qb3+ Kg7 23. dxc5 Bxc5 24. Qxb7+ Re7 25. Qb3 h5 26. Kh1 g5 27. Rfd1 Qe8
28. Qd5 Qg6 29. Rb7 g4 30. Rxe7+ Nxe7 31. Nd4 Nxd5 0-1

[Event "N4 ENHM/Ech Aubois"]
[Site "?"]
[Date "2008.11.23"]
[Round "2"]
[White "FOURNIER, Manuel"]
[Black "ZEROUAL, Moamed"]
[Result "0-1"]
[WhiteElo "2043"]
[BlackElo "1870"]
[PlyCount "56"]
[EventDate "2008.11.23"]
[SourceDate "2008.11.23"]

1. e4 c5 2. Nf3 Nc6 3. d4 cxd4 4. Nxd4 Nf6 5. Nc3 e6 6. Bc4 a6 7. Bb3 Qc7 8.
Nxc6 bxc6 9. O-O h5 10. h3 Bc5 11. Qf3 Bd6 12. Re1 a5 13. Bg5 Bh2+ 14. Kh1 Be5
15. Rad1 Ng4 16. g3 Ba6 17. Kg2 Nf6 18. Na4 c5 19. c4 Rb8 20. Be3 Nxe4 21. Kg1
Bb7 22. Qe2 Qc6 23. Qf3 Qc7 24. Qe2 h4 25. g4 Bh2+ 26. Kf1 Qc6 27. Qd3 Ng3+ 28.
fxg3 Qg2# 0-1

[Event "N4 ENHM/Ech Aubois"]
[Site "?"]
[Date "2008.11.23"]
[Round "2"]
[White "MORET, Florian"]
[Black "TOURNIER, Timothee"]
[Result "1-0"]
[WhiteElo "1900"]
[BlackElo "1921"]
[PlyCount "70"]
[EventDate "2008.11.23"]
[SourceDate "2008.11.23"]

1. e4 e5 2. d4 exd4 3. Nf3 Nc6 4. Bc4 Nf6 5. e5 d5 6. Bb5 Ne4 7. Nxd4 Bd7 8.
Bxc6 bxc6 9. O-O Be7 10. f3 Nc5 11. f4 O-O 12. f5 Re8 13. Qg4 Bf8 14. Bf4 Ne4
15. Nc3 Nxc3 16. bxc3 c5 17. Ne2 Qc8 18. Ng3 Kh8 19. Qh5 g6 20. fxg6 fxg6 21.
Qh4 Bb5 22. Rf2 Be7 23. Bg5 Bxg5 24. Qxg5 Re6 25. a4 Bc6 26. Raf1 Qe8 27. Qh6
Kg8 28. Rf7 Qxf7 29. Rxf7 Kxf7 30. Qxh7+ Kf8 31. Ne2 g5 32. Qf5+ Ke7 33. Qxg5+
Kd7 34. Nf4 Re7 35. Qf5+ Ke8 1-0

[Event "N4 ENHM/Ech Aubois"]
[Site "?"]
[Date "2008.11.23"]
[Round "2"]
[White "CATHERINE, Bertrand"]
[Black "TALBOT, Remi"]
[Result "1-0"]
[WhiteElo "1823"]
[BlackElo "1830"]
[PlyCount "57"]
[EventDate "2008.11.23"]
[SourceDate "2008.11.23"]

1. e4 Nf6 2. Nc3 d5 3. e5 Ne4 4. d4 Nxc3 5. bxc3 Bf5 6. Bd3 Bxd3 7. Qxd3 a6 8.
e6 fxe6 9. Qe2 Qd6 10. Nf3 Nc6 11. O-O h6 12. Re1 Kd7 13. a4 e5 14. dxe5 Qe6
15. Rb1 b6 16. Qd3 Kc8 17. Ba3 g5 18. Rbd1 Bg7 19. Nd4 Nxd4 20. Qxd4 Rd8 21. c4
c5 22. Bxc5 bxc5 23. Qxc5+ Kd7 24. cxd5 Qg6 25. e6+ Ke8 26. Qc6+ Kf8 27. d6 Bf6
28. d7 Qg7 29. Qxa8 1-0

[Event "N4 ENHM/Ech Aubois"]
[Site "?"]
[Date "2008.11.23"]
[Round "2"]
[White "ROUABLE, Denis"]
[Black "FERRAND, Christophe"]
[Result "0-1"]
[WhiteElo "1830"]
[BlackElo "1890"]
[PlyCount "64"]
[EventDate "2008.11.23"]
[SourceDate "2008.11.23"]

1. d4 Nf6 2. c4 e6 3. Nc3 Bb4 4. a3 Bxc3+ 5. bxc3 b6 6. f3 d5 7. cxd5 exd5 8.
e3 O-O 9. Bd3 c5 10. Ne2 Ba6 11. O-O Bxd3 12. Qxd3 Re8 13. Ng3 Nc6 14. Re1 Rc8
15. Bb2 Na5 16. Re2 Nc4 17. Rae1 Qe7 18. Bc1 Nxa3 19. Nf5 Qf8 20. Bxa3 c4 21.
Qb1 Qxa3 22. Ra2 Qf8 23. Rxa7 g6 24. Qxb6 Re6 25. Qxe6 fxe6 26. Ne7+ Kh8 27.
Rea1 Re8 28. Nc6 Qh6 29. Kf2 Qxh2 30. Ne5 Rb8 31. R7a2 Qh4+ 32. Kg1 Rb7 0-1

[Event "N4 ENHM/Ech Aubois"]
[Site "?"]
[Date "2008.11.23"]
[Round "2"]
[White "PINCHON, Sylvie"]
[Black "PETEUIL, Camille"]
[Result "1-0"]
[WhiteElo "1610"]
[BlackElo "1290"]
[PlyCount "51"]
[EventDate "2008.11.23"]
[SourceDate "2008.11.23"]

1. e4 e5 2. Nf3 Nc6 3. Be2 Nf6 4. d3 Be7 5. Nc3 O-O 6. O-O d5 7. exd5 Nxd5 8.
Ne4 h6 9. Bd2 Be6 10. Qc1 f6 11. c3 Bf7 12. Ng3 Bg6 13. Nh4 Bh7 14. Bxh6 gxh6
15. Qxh6 Nf4 16. Bg4 Bxd3 17. Rfd1 Qd5 18. Bf5 Kf7 19. Bxd3 Nxd3 20. Qh7+ Ke8
21. Qg6+ Rf7 22. Rxd3 Qe6 23. Nhf5 Kf8 24. Nh5 e4 25. Qh6+ Kg8 26. Rg3+ 1-0

[Event "N4 Chaumont/Epernay"]
[Site "?"]
[Date "2008.11.23"]
[Round "2"]
[White "RAPINEL, Franck"]
[Black "DURANT, Christophe"]
[Result "1-0"]
[WhiteElo "2110"]
[BlackElo "1954"]
[PlyCount "59"]
[EventDate "2008.11.24"]
[SourceDate "2008.11.24"]

1. Nf3 d5 2. d4 Nf6 3. c4 c6 4. Qc2 Bg4 5. Ne5 Bh5 6. Qb3 Qb6 7. c5 Qc7 8. Bf4
Qc8 9. Nd2 Nbd7 10. Nxd7 Qxd7 11. e3 e6 12. Bd3 Bg6 13. O-O Be7 14. Nf3 Bxd3
15. Qxd3 Ne4 16. Ne5 Qc8 17. f3 Nf6 18. e4 O-O 19. b4 Rd8 20. Bg5 Qc7 21. Bxf6
Bxf6 22. Ng4 Bg5 23. e5 h5 24. f4 Be7 25. Ne3 g6 26. a4 a6 27. Ra3 Rdb8 28. f5
exf5 29. Nxf5 gxf5 30. Qxf5 1-0

[Event "N4 Chaumont/Epernay"]
[Site "?"]
[Date "2008.11.23"]
[Round "2"]
[White "CREPAUX, Jean-Marie"]
[Black "MOUCHEROUD, Jérémy"]
[Result "0-1"]
[WhiteElo "1940"]
[BlackElo "2043"]
[PlyCount "90"]
[EventDate "2008.11.24"]
[SourceDate "2008.11.24"]

1. e4 c5 2. Nf3 Nc6 3. d4 cxd4 4. Nxd4 Nf6 5. Nc3 e5 6. Ndb5 d6 7. Nd5 Nxd5 8.
exd5 Nb8 9. Bd3 a6 10. Nc3 Be7 11. Qh5 Nd7 12. O-O Nf6 13. Qe2 Bg4 14. f3 Bh5
15. Qf2 O-O 16. Be3 b5 17. a3 Rc8 18. Bb6 Qd7 19. Ba5 Qb7 20. Rfd1 Nd7 21. Bf5
Bg6 22. Bxd7 Qxd7 23. a4 bxa4 24. Nxa4 Rxc2 25. Qb6 e4 26. Qe3 Bh4 27. Bd2 (27.
Rd2 $4 Qxa4 $3 28. Rxa4 Rc1+ 29. Rd1 Rxd1+ 30. Be1 Rxe1+ 31. Qxe1 Bxe1 $19)
27... exf3 28. Qxf3 Re8 29. Nc3 Qa7+ 30. Kh1 Rxb2 31. Bf4 Rf2 32. Qg4 Bf6 33.
Nb5 Qb8 34. Nxd6 Bxa1 35. Nxe8 Rxf4 36. Qe2 Re4 37. Qxa6 Rxe8 38. Qxa1 Bh5 39.
Rc1 Bg4 40. h3 Bd7 41. Qa5 Re2 42. Rc3 Qe5 43. Rc1 h5 44. Qd8+ Qe8 45. Qc7 Bxh3
0-1

[Event "N4 Chaumont/Epernay"]
[Site "Epernay"]
[Date "2008.11.23"]
[Round "2"]
[White "ADDA, Olivier"]
[Black "MELIN, Georges"]
[Result "0-1"]
[WhiteElo "2110"]
[BlackElo "1830"]
[PlyCount "134"]
[EventDate "2008.11.23"]
[EventType "team"]
[EventRounds "2"]
[EventCountry "FRA"]
[SourceDate "2008.11.24"]
[WhiteTeam "Chess 2000 Chaumont"]
[BlackTeam "Epernay"]

1. d4 Nf6 2. c4 c5 3. Nf3 cxd4 4. Nxd4 Qb6 5. g3 Nc6 6. Nb3 Ne4 7. Be3 Qb4+ 8.
N1d2 Nxd2 9. Bxd2 Qxc4 10. Bg2 e5 11. O-O Qe6 12. Be3 d6 13. f4 Qg4 14. Rc1 Bd7
15. fxe5 Qe6 16. Bd5 Qxe5 17. Bxf7+ Kd8 18. Qd2 Kc7 19. Bf4 Qe7 20. Nd4 a6 21.
Bd5 Rc8 22. Qa5+ Kb8 23. Nxc6+ Bxc6 24. Bxc6 bxc6 25. Qxa6 (25. Bxd6+ Qxd6 26.
Qb6+ Ka8 27. Qxa6+ Kb8 28. Qb6+ Ka8 29. Rc4 Qc5+ 30. Rxc5 Bxc5+ 31. Qxc5) 25...
Qa7+ 26. Qxa7+ Kxa7 27. Be3+ (27. Rfd1 Rb8 (27... Rd8 28. Rxc6) (27... d5 28.
Rxd5) 28. Rxc6 Rxb2 29. Rc8) 27... Kb7 28. Rc3 c5 29. Rb3+ Kc6 30. Rf4 Be7 31.
Rf7 Rhe8 32. Rxg7 Bf6 33. Rxh7 Bxb2 34. Rxb2 Rxe3 35. Kf2 Rce8 36. Rhb7 Kd5 37.
Rd2+ Kc6 38. Rb3 R3e5 39. a4 c4 40. Ra3 d5 41. a5 Kc5 42. a6 Kb4 43. Raa2 c3
44. Rdc2 d4 45. a7 Rf5+ 46. Kg2 (46. Ke1 Ref8 47. e3 d3 48. Rxc3 Kxc3 49. Ra3+
Kc2 50. Ra2+ Kc3) 46... Ra8 47. Rc1 Kb3 48. Ra6 Kb2 49. Rd1 Rf7 50. Rb6+ Kc2
51. Rxd4 Raxa7 52. Rc6 Rac7 53. Rdc4 Rxc6 54. Rxc6 Rd7 55. h4 Kd2 56. h5 c2 57.
g4 Re7 58. Kf3 Re3+ 59. Kf2 Rxe2+ 60. Kf3 Re3+ 61. Kf2 Rc3 62. Rd6+ Kc1 63. h6
Kb2 64. Rd2 Rh3 65. g5 (65. Kg2 $1) 65... Rh2+ 66. Kg3 Rxd2 67. h7 Rd8 0-1

[Event "N4 Chaumont/Epernay"]
[Site "?"]
[Date "2008.11.23"]
[Round "2"]
[White "BARREAUD, Samuel"]
[Black "PICARD, Serge"]
[Result "1/2-1/2"]
[WhiteElo "1830"]
[BlackElo "2097"]
[PlyCount "113"]
[EventDate "2008.11.24"]
[SourceDate "2008.11.24"]

1. c4 Nf6 2. Nc3 e5 3. d3 d5 4. cxd5 Nxd5 5. g3 Nc6 6. Bd2 Be6 7. Bg2 Nb6 8.
Nf3 Be7 9. O-O O-O 10. Ne4 h6 11. Qc1 Kh7 12. Nc5 Bxc5 13. Qxc5 Nd7 14. Qc2 f5
15. e3 Ne7 16. Bc3 Ng6 17. b3 c6 18. Rad1 Qe7 19. Qb2 Bd5 20. Rfe1 e4 21. dxe4
fxe4 22. Nd4 Nge5 23. Qc2 Kh8 24. Ne2 Nd3 25. Rf1 Rf7 26. Nf4 Nxf4 27. exf4 Re8
28. Rfe1 Qc5 29. Qb2 Rfe7 30. Bd4 Qa5 31. Re2 Kg8 32. Rde1 c5 33. Bc3 Qc7 34.
Qd2 Bc6 35. f3 b5 36. fxe4 Qb7 37. e5 Bxg2 38. Rxg2 Nf6 39. Qc2 Nd5 40. Bb2 Nb4
41. Qb1 a5 42. a3 Nd5 43. Qe4 Nb6 44. Qxb7 Rxb7 45. Rd1 c4 46. b4 axb4 47. axb4
Ree7 48. Rgd2 Red7 49. Rxd7 Rxd7 50. Rxd7 Nxd7 51. Kf2 (51. Bd4 $3) 51... Nb6
52. Bd4 Nd5 53. Bc5 Kf7 54. f5 g6 55. g4 gxf5 56. gxf5 Ne7 57. Bxe7 1/2-1/2

[Event "N4 Chaumont/Epernay"]
[Site "?"]
[Date "2008.11.23"]
[Round "2"]
[White "MASERA, Michel"]
[Black "SCHELFHOUT-MELIN, Marie"]
[Result "0-1"]
[WhiteElo "1770"]
[BlackElo "1977"]
[PlyCount "110"]
[EventDate "2008.11.24"]
[SourceDate "2008.11.24"]

1. d4 Nf6 2. c4 e5 3. dxe5 Ng4 4. Bf4 Nc6 5. Nf3 Bb4+ 6. Nbd2 Qe7 7. e3 Ngxe5
8. Nxe5 Nxe5 9. Be2 O-O 10. O-O Bxd2 11. Qxd2 d6 12. b4 Rd8 13. Qc3 Ng6 14. Bg3
b6 15. Bf3 Rb8 16. c5 Ne5 17. Be2 bxc5 18. bxc5 f6 19. cxd6 cxd6 20. Rfd1 Be6
21. Qa3 Rb7 22. Rac1 d5 23. Qxe7 Rxe7 24. Rc5 Red7 25. h3 Nc4 26. e4 Nb6 27.
Bb5 Rf7 28. exd5 Rxd5 29. Rdxd5 Bxd5 30. Bc7 $4 (30. a4) 30... Bxa2 31. Bxb6
axb6 32. Rc6 Rb7 33. f4 Kf8 34. Kf2 Ke7 35. g3 Be6 36. Ba6 Rb8 37. Rc7+ Kf8 38.
h4 b5 39. Rc2 Bb3 40. Rb2 Ba4 41. Rb4 Ke7 42. Rd4 Rd8 43. Rb4 Rb8 44. Rd4 Bb3
45. Ke3 Bc4 46. Rd2 Ra8 47. Bb7 Ra3+ 48. Kf2 Ra2 49. Ke3 Rxd2 50. Kxd2 Kd6 51.
Kc3 Kc5 52. Be4 h6 53. Bg6 b4+ 54. Kb2 Kd4 55. Bh5 Ke3 0-1

[Event "N4 Chaumont/Epernay"]
[Site "?"]
[Date "2008.11.23"]
[Round "2"]
[White "MARCHAL, Ludovic"]
[Black "BEAUGRAND, Julien"]
[Result "0-1"]
[WhiteElo "1630"]
[BlackElo "1754"]
[PlyCount "76"]
[EventDate "2008.11.24"]
[SourceDate "2008.11.24"]

1. c4 e5 2. Nc3 Nf6 3. g3 c6 4. d4 exd4 5. Qxd4 d5 6. cxd5 Nxd5 7. Bg2 Be6 8.
Nh3 Na6 9. O-O Nab4 10. Qe5 Qd6 11. Qxd6 Bxd6 12. Nxd5 Nxd5 13. Rd1 Rd8 14. Ng5
Nc7 15. Nxe6 Nxe6 16. Bd2 O-O 17. Ba5 b6 18. Bc3 c5 19. Rd2 Be7 20. Rad1 Rxd2
21. Rxd2 Rd8 22. Rxd8+ Bxd8 23. e3 Bc7 24. Bd5 Kf8 25. h4 g6 26. Kg2 Ke7 27. f4
Kd6 28. Bf3 b5 29. Be5+ Kd7 30. Bxc7 Kxc7 31. h5 a5 32. hxg6 hxg6 33. Bd5 Kd6
34. Bf3 c4 35. Bd1 Nc5 36. Bc2 Kd5 37. Kf3 Nd3 38. e4+ Kd4 {tombé} 0-1

[Event "N4 Chaumont/Epernay"]
[Site "?"]
[Date "2008.11.23"]
[Round "2"]
[White "KERLAU, Gildas"]
[Black "VEGA, Emmanuel"]
[Result "1-0"]
[WhiteElo "1760"]
[BlackElo "1670"]
[PlyCount "89"]
[EventDate "2008.11.24"]
[SourceDate "2008.11.24"]

1. d4 d6 2. c4 Nf6 3. Nc3 g6 4. e4 Bg7 5. f4 c6 6. Nf3 Bg4 7. Be2 a6 8. a4 Nfd7
9. Be3 Nb6 10. O-O N8d7 11. a5 Nc8 12. Qd2 O-O 13. h3 Bxf3 14. Bxf3 b5 15. e5
Na7 16. cxb5 axb5 17. b4 Rc8 18. Ne4 d5 19. Nc5 Nxc5 20. dxc5 Rc7 21. Bd4 e6
22. g4 Nc8 23. Kg2 f6 24. exf6 Bxf6 25. g5 Bxd4 26. Qxd4 Ne7 27. Qe5 Qd7 28.
Rae1 Nf5 29. Qxe6+ Qxe6 30. Rxe6 Nh4+ 31. Kg3 Nf5+ 32. Kg4 Nd4 33. Re5 Rcf7 34.
Bd1 Rf5 35. Rxf5 Nxf5 36. Re1 d4 37. Bf3 Ne3+ 38. Kg3 Nc2 39. Rb1 d3 40. Bxc6
d2 41. Bf3 Rd8 42. Kf2 Rd4 43. a6 Ne1 44. a7 Nd3+ 45. Ke3 1-0

[Event "N4 Chaumont/Epernay"]
[Site "?"]
[Date "2008.11.23"]
[Round "2"]
[White "VILMIN, Jean-François"]
[Black "LOUOT, Catherine"]
[Result "1-0"]
[WhiteElo "1630"]
[BlackElo "1530"]
[PlyCount "89"]
[EventDate "2008.11.24"]
[SourceDate "2008.11.24"]

1. e4 e5 2. Nf3 Nf6 3. Nxe5 d6 4. Nf3 Nxe4 5. d4 Bg4 6. Bd3 f5 7. O-O Nc6 8. c3
Be7 9. Re1 O-O 10. Nbd2 Bg5 11. Qb3+ Kh8 12. Bxe4 fxe4 13. Nxg5 Qxg5 14. Nxe4
Qh4 15. Qxb7 d5 16. Ng3 Qf6 17. Be3 Rab8 18. Qxc7 Rf7 19. Qf4 Qxf4 20. Bxf4
Rxf4 21. Re3 Kg8 22. b4 a5 23. a3 axb4 24. axb4 Nxd4 25. cxd4 Rxd4 26. f3 Bd7
27. Rb1 Rdxb4 28. Rxb4 Rxb4 29. Rd3 Rb1+ 30. Kf2 Rb2+ 31. Kg1 Bc6 32. Nf5 Kf7
33. Ne3 Ke6 34. h4 Ke5 35. Kh2 d4 $4 36. Nc4+ Kf4 37. Rxd4+ Kf5 38. Nxb2 Ke5
39. Rd8 g6 40. Kg3 Ke6 41. Kf4 Ke7 42. Rh8 h5 43. Nd3 Bd5 44. Kg5 Bf7 45. Ne5
1-0

[Event "N4 LTR/Bogny"]
[Site "?"]
[Date "2008.11.23"]
[Round "2"]
[White "SZYLAR, Eric"]
[Black "FLAMANT, Jacky"]
[Result "1-0"]
[WhiteElo "2086"]
[BlackElo "1888"]
[PlyCount "59"]
[EventDate "2008.11.27"]
[SourceDate "2008.11.27"]

1. e4 e6 2. d4 d5 3. Nd2 c5 4. exd5 exd5 5. dxc5 Bxc5 6. Nb3 Qe7+ 7. Be2 Nf6 8.
Nf3 O-O 9. O-O Re8 10. Re1 Nc6 11. Bg5 Bxf2+ 12. Kxf2 Ne4+ 13. Kf1 Nxg5 14.
Qxd5 Nxf3 15. Qxf3 Be6 16. Bd3 Rad8 17. Re3 Qc7 18. Kg1 Qb6 19. Kh1 a5 20. Nd2
Rxd3 21. Rxd3 Ne5 22. Qe3 Qxb2 23. Rb1 Qxc2 24. Rc3 Qxa2 25. Rxb7 Ng4 26. Qe2
Rd8 27. h3 Qa1+ 28. Nb1 Nf6 29. Ra3 Qd4 30. Rd3 1-0